000 00597nam a2200181Ia 4500
008 100921s9999 xx 000 0 und d
082 _b2521
_a891.462 थ 73
100 _aखरे सुरेश.
245 _aअसुनी नाथ मी अनाथ.
260 _bजोशी के.वा.पुणे.
_c1973
300 _a83
_b---
365 _b5
520 _aललित-नाटके.
630 _aअसुनी नाथ मी अनाथ.
650 _aललित-नाटके.
730 _aअसुनी नाथ मी अनाथ.
942 _cBOOK
999 _c751634
_d751631